[Event "9. Korbacher Open 2017"]
[Site "Korbach"]
[Date "2017.10.19"]
[Round "1"]
[White "Maiwald, Harald"]
[Black "Koerber, Thomas"]
[Result "1-0"]
[WhiteElo "2014"]
[BlackElo "1857"]
[Annotator "NA RC"]
[PlyCount "113"]
[EventDate "2017.??.??"]
[EventType "swiss"]
[EventCountry "GER"]
[SourceTitle "playchess.com"]
[Source "ChessBase"]
[SourceQuality "1"]
[TimeControl "40/5400+30:1800+30"]

{[%evp 9,113,28,27,20,20,13,32767,32767,44,31,35,48,50,43,55,40,58,39,101,114,116,100,124,113,245,213,257,231,322,189,186,183,269,253,422,236,328,225,166,181,246,191,402,32767,32767,268,32767,288,455,210,32767,203,230,256,265,297,316,404,646,616,509,495,463,551,612,714,479,626,32767,319,32767,283,459,314,487,310,472,339,360,372,32767,32767,483,32767,32767,638,579,545,1046,0,758,881,716,919,886,1115,837,958,909,1262,703,1497,1202,2227,29972,725]} 1. Nf3 {[%emt 0:00:00]} d5 {[%emt 0:00:49]} 2. g3 {[%emt 0:00:00]} c6 {[%emt 0:00:39]} 3. Bg2 {[%emt 0:00:00]} Nf6 {[%emt 0:00:32]} 4. O-O {[%emt 0:00:08]} g6 {[%emt 0:01:51]} 5. d3 {[%emt 0:05:33]} Bg7 {[%emt 0:00:21]} 6. Nbd2 {[%emt 0:00:04]} O-O {[%emt 0:01:33] LiveBook: 130 Games} 7. e4 {[%emt 0:00:07]} dxe4 {[%emt 0:02:15]} 8. dxe4 {[%emt 0:00:09]} Nfd7 {[%emt 0:00:29] A07: Réti Opening: New York and Capablanca Systems} (8... Na6 9. Qe2 Nc5 10. e5 Nd5 11. Nb3 Nxb3 12. axb3 Bf5 13. Nh4 Be6 14. f4 Qd7 15. Bd2 Bg4 16. Bf3 Bxf3 17. Nxf3 Rfd8 18. Rfd1 Qc7 19. c4 {½-½ (62) Ehlvest,J (2524)-Pourramezanali,A (2509) Guilan 2016}) 9. Qe2 {[%emt 0:03:55]} e5 {[%emt 0:02:20]} 10. Rd1 {[%emt 0:02:32]} Qc7 {[%emt 0:01:47]} 11. b3 $146 {[%emt 0:01:25]} ({Predecessor:} 11. a4 b6 12. Bf1 a5 13. c3 Na6 14. Nc4 Ndc5 15. Qc2 Bg4 16. Be2 {0-1 (27) Tassetti,M (1962)-Levaux,C (2013) France 2006}) 11... Re8 {[%emt 0:00:17]} 12. Ba3 {[%emt 0:01:45]} Nb6 {[%emt 0:01:25]} 13. Nf1 {[%emt 0:03:36]} Bg4 {[%emt 0:00:23]} ({Better is} 13... f6 $14) 14. Bd6 {[%emt 0:03:28]} Qc8 {[%emt 0:01:24]} 15. Ne3 {[%emt 0:04:34]} Bxf3 {[%emt 0:05:29]} 16. Bxf3 {[%emt 0:02:28]} f5 {[%emt 0:06:07]} (16... N8d7 $16 17. Bg4 Qd8) 17. c4 {[%emt 0:08:44]} Qe6 {[%emt 0:03:38]} 18. c5 {[%emt 0:04:09]} Nc8 {[%emt 0:03:25]} 19. b4 {[%emt 0:06:35]} Ne7 {[%emt 0:05:17]} 20. b5 {[%emt 0:06:27]} Kh8 {[%emt 0:04:54]} 21. Rab1 {[%emt 0:00:50]} Nd7 {[%emt 0:04:11]} (21... fxe4 {is a better defense.} 22. Bxe4 Qc8 23. bxc6 bxc6) 22. Bxe7 {[%emt 0:06:57]} Rxe7 {[%emt 0:00:28]} 23. Rd6 {[%emt 0:06:02]} Qf7 {[%emt 0:02:24]} 24. bxc6 {[%emt 0:01:32]} Nxc5 {[%emt 0:00:59]} 25. exf5 {[%emt 0:02:27]} gxf5 $2 {[%emt 0:05:18]} (25... e4) 26. Bd5 {[%emt 0:02:14]} Qf8 {[%emt 0:00:21]} 27. Qc2 {[%emt 0:04:56]} f4 {[%emt 0:02:53]} 28. Qxc5 {[%emt 0:04:21]} fxe3 {[%emt 0:00:08]} 29. Qxe3 {[%emt 0:01:32]} (29. cxb7 $142 Qxf2+ 30. Kh1) 29... bxc6 {[%emt 0:00:52]} 30. Rxc6 {[%emt 0:00:40]} Rd8 {[%emt 0:00:34]} 31. Be4 {[%emt 0:00:30]} Rd4 {[%emt 0:01:59]} 32. Rbc1 {[%emt 0:02:08]} Re8 {[%emt 0:00:32]} 33. Rc7 {[%emt 0:00:30]} Rdd8 {[%emt 0:03:15]} (33... a5 $142 34. R1c6 Red8) 34. Rxa7 {[%emt 0:03:07]} Re7 {[%emt 0:05:05]} 35. Rcc7 {[%emt 0:00:45]} Rxc7 {[%emt 0:01:54]} 36. Rxc7 {[%emt 0:00:02]} Qf6 {[%emt 0:00:35]} (36... Qd6 $142) 37. Kg2 {[%emt 0:01:30]} Qd6 {[%emt 0:00:50]} 38. Qa7 {[%emt 0:01:35]} Qd4 {[%emt 0:01:27]} 39. Qxd4 $2 {[%emt 0:02:28]} (39. Qb7) 39... exd4 {[%emt 0:00:15]} 40. Bd3 {[%emt 0:00:03]} h5 $2 {[%emt 0:30:16]} 41. Rc5 {[%emt 0:30:59]} Kg8 {[%emt 0:01:23]} 42. Rxh5 {[%emt 0:00:22]} Kf7 {[%emt 0:00:07]} (42... Rc8 $142 43. Kf3 Rf8+ 44. Ke2 Re8+ 45. Kd2 Re5) 43. Rb5 {[%emt 0:00:22]} Rc8 {[%emt 0:01:09]} 44. Kf3 {[%emt 0:00:37]} Rc3 {[%emt 0:01:42]} 45. Ke4 {[%emt 0:00:03]} Ra3 {[%emt 0:00:07]} 46. h4 {[%emt 0:00:19]} Kf6 {[%emt 0:00:29]} 47. Rb6+ $2 {[%emt 0:00:26]} Ke7 {[%emt 0:00:18]} 48. Rb7+ {[%emt 0:00:29]} Kf6 {[%emt 0:00:11]} 49. Rb6+ {[%emt 0:02:29]} (49. g4 $18) 49... Ke7 {[%emt 0:00:08]} 50. Ra6 {[%emt 0:00:15]} Rc3 {[%emt 0:01:01]} 51. g4 {[%emt 0:00:31]} Rc5 {[%emt 0:00:23]} 52. f4 {[%emt 0:00:49]} Rc1 {[%emt 0:00:50]} 53. h5 {[%emt 0:01:18]} Re1+ {[%emt 0:00:12]} 54. Kf5 {[%emt 0:00:24]} Re3 {[%emt 0:00:18]} 55. Ra7+ {[%emt 0:00:41]} Kf8 {[%emt 0:00:34]} 56. Bc4 {[%emt 0:00:38]} d3 {[%emt 0:00:56]} 57. Rd7 $18 {[%emt 0:01:58]} 1-0

[Event "9. Korbacher Open 2017"]
[Site "Korbach"]
[Date "2017.10.19"]
[Round "1"]
[White "Lesny, Florian"]
[Black "Boehme, Jonas"]
[Result "1/2-1/2"]
[WhiteElo "1997"]
[BlackElo "1675"]
[Annotator "NA RC"]
[PlyCount "119"]
[EventDate "2017.??.??"]
[EventType "swiss"]
[EventCountry "GER"]
[SourceTitle "playchess.com"]
[Source "ChessBase"]
[SourceQuality "1"]
[TimeControl "40/5400+30:1800+30"]

{[%evp 11,119,34,61,69,32767,28,38,17,32767,32767,32767,8,35,18,28,-8,0,-4,0,-21,-18,-64,-64,-63,-54,-51,-48,-68,-62,32767,-83,32767,-90,-138,-114,-144,-139,-125,-120,-118,-103,-104,-107,-105,-71,32767,32767,-81,32767,-95,-95,-102,-92,-103,32767,32767,-84,-138,-145,-123,-151,-154,-139,-147,-85,-91,-83,-85,-84,-82,-82,-81,32767,-73,-67,-68,-56,-86,-58,-76,-74,-72,-21,-48,-64,-87,-64,32767,32767,-37,-45,32767,32767,0,-19,-11,0,-15,-14,-11,0,0,0,0,0,0,0,0,0,0]} 1. e4 {[%emt 0:00:00]} d5 {[%emt 0:00:02]} 2. exd5 {[%emt 0:00:00]} Nf6 {[%emt 0:00:02]} 3. d4 {[%emt 0:00:13]} Bg4 {[%emt 0:00:03]} 4. Be2 {[%emt 0:00:29]} Bxe2 {[%emt 0:00:28]} 5. Qxe2 {[%emt 0:01:03]} Qxd5 {[%emt 0:00:35]} 6. Nf3 {[%emt 0:00:38] LiveBook: 173 Partien} Nc6 {[%emt 0:01:05]} 7. c4 {[%emt 0:09:03]} Qe4 {[%emt 0:04:32] B01: Scandinavian Defence} (7... Qf5 8. O-O O-O-O 9. d5 Nb4 10. Nc3 Nd3 11. Rd1 Nc5 12. Qe3 e6 13. b4 Ng4 14. Qg5 Na6 15. Qxf5 exf5 16. a3 Be7 17. Bf4 Bd6 18. Rd4 Bxf4 19. Rxf4 {½-½ (52) Aryan,C (2503)-Kulkarni,R (2344) Caleta 2017}) 8. Qxe4 {[%emt 0:05:50]} Nxe4 {[%emt 0:00:02]} 9. Nbd2 {[%emt 0:10:02]} Nxd2 {[%emt 0:08:37]} 10. Bxd2 {[%emt 0:00:51]} e6 {[%emt 0:00:02]} 11. a3 {[%emt 0:00:49]} g6 $146 {[%emt 0:05:54]} ({Predecessor:} 11... Be7 12. O-O-O Bf6 13. d5 exd5 14. Rhe1+ Ne7 15. cxd5 {0-1 (45) Torres Grajales,R (2056)-Laynez Aspenberg,J (1898) Collado Villalba 2011}) 12. Bc3 {[%emt 0:04:11]} Bg7 {[%emt 0:00:41]} 13. O-O {[%emt 0:03:05]} Rd8 {[%emt 0:02:19]} 14. Rad1 {[%emt 0:00:57]} O-O {[%emt 0:00:34]} 15. b4 {[%emt 0:09:45]} a6 {[%emt 0:01:28]} 16. b5 {[%emt 0:08:12]} axb5 {[%emt 0:00:09]} 17. cxb5 {[%emt 0:00:23]} Ne7 {[%emt 0:00:30]} 18. Bb4 Rfe8 {[%emt 0:00:02]} 19. Bxe7 {[%emt 0:01:03]} Rxe7 {[%emt 0:01:16]} 20. Rd2 {[%emt 0:04:36]} Red7 21. Rfd1 Ra8 {[%emt 0:07:01]} 22. Ra1 {[%emt 0:06:28]} Rd5 {[%emt 0:03:32]} 23. Rb2 {[%emt 0:05:10]} Bxd4 {[%emt 0:01:08]} 24. Nxd4 {[%emt 0:02:17]} Rxd4 {[%emt 0:00:04]} 25. Kf1 {[%emt 0:00:51]} Raa4 {[%emt 0:06:46]} 26. Rc1 {[%emt 0:04:48]} Rac4 {[%emt 0:04:05]} ({Much weaker is} 26... Rxa3 $6 27. Rxc7 b6 28. Rc6 $11) 27. Rbc2 {[%emt 0:03:02]} Rxc2 {[%emt 0:00:05]} 28. Rxc2 {[%emt 0:00:52]} Rd7 {[%emt 0:00:02]} 29. a4 {[%emt 0:01:39]} b6 {[%emt 0:00:29]} 30. Ra2 {[%emt 0:02:06]} Kf8 {[%emt 0:00:35]} 31. a5 {[%emt 0:02:26]} bxa5 {[%emt 0:00:02]} 32. Rxa5 {[%emt 0:00:50]} Ke7 {[%emt 0:02:14]} 33. Ra7 {[%emt 0:04:39]} Kd6 {[%emt 0:01:55]} 34. Ke2 {[%emt 0:01:16] [#]} c5 $1 {[%emt 0:06:24]} 35. Ra6+ {[%emt 0:05:17]} Kd5 {[%emt 0:00:17]} 36. Kd3 {[%emt 0:00:25]} Rb7 {[%emt 0:00:21]} 37. Ra5 {[%emt 0:00:39]} c4+ {[%emt 0:01:11]} (37... g5 $142 38. g4 f5) 38. Kc3 {[%emt 0:00:38]} Kc5 {[%emt 0:00:26]} 39. Ra4 {[%emt 0:00:53]} Rxb5 {[%emt 0:02:24]} 40. Rxc4+ {[%emt 0:01:18]} Kd6 {[%emt 0:30:05]} 41. Kd3 {[%emt 0:32:15]} e5 {[%emt 0:01:37]} 42. Ra4 {[%emt 0:01:30]} Rd5+ {[%emt 0:04:18]} 43. Ke3 {[%emt 0:00:00]} Ke6 {[%emt 0:00:00]} 44. f3 {[%emt 0:00:00]} f5 {[%emt 0:00:00]} 45. Ra7 {[%emt 0:00:00]} Rd7 {[%emt 0:00:00]} 46. Ra6+ {[%emt 0:00:00]} Kf7 {[%emt 0:00:00]} 47. Ra4 {[%emt 0:00:00]} h5 {[%emt 0:00:00]} 48. h4 {[%emt 0:00:00]} Rb7 {[%emt 0:00:00]} 49. Ra5 {[%emt 0:00:00]} Rb3+ {[%emt 0:00:00]} 50. Kf2 {[%emt 0:00:00]} Rb2+ {[%emt 0:00:00]} 51. Kg1 {[%emt 0:00:00]} e4 {[%emt 0:00:00]} 52. Ra7+ {[%emt 0:00:00]} Ke6 {[%emt 0:00:00]} 53. Ra6+ {[%emt 0:00:00]} Ke5 {[%emt 0:00:00]} 54. fxe4 {[%emt 0:00:00]} fxe4 {[%emt 0:00:00]} 55. Rxg6 {[%emt 0:00:00]} e3 {[%emt 0:00:00]} 56. Kf1 {[%emt 0:00:00]} Rf2+ {[%emt 0:00:00]} 57. Ke1 {[%emt 0:00:07]} Kf4 {[%emt 0:00:00]} 58. Rf6+ {[%emt 0:00:51]} Kg3 {[%emt 0:00:00]} 59. Rxf2 {[%emt 0:00:19]} exf2+ {[%emt 0:00:00]} 60. Kf1 $11 {[%emt 0:00:11]} 1/2-1/2

[Event "9. Korbacher Open 2017"]
[Site "Korbach"]
[Date "2017.10.19"]
[Round "1"]
[White "Alkayas, Shadi"]
[Black "Wachsmann, Dietmar"]
[Result "0-1"]
[WhiteElo "1975"]
[BlackElo "1930"]
[Annotator "NA RC"]
[PlyCount "82"]
[EventDate "2017.??.??"]
[EventType "swiss"]
[EventCountry "GER"]
[SourceTitle "playchess.com"]
[Source "ChessBase"]
[SourceQuality "1"]
[TimeControl "40/5400+30:1800+30"]

{[%evp 9,82,0,32767,0,-8,32767,-8,-27,-21,-64,-6,-20,-8,-11,-6,-43,-16,-45,-37,-24,0,0,-14,-25,11,-23,0,32767,32767,-190,0,8,14,0,0,0,77,65,78,18,15,11,281,49,57,58,49,52,117,0,32767,-16,0,-4,0,-671,-939,-691,-689,-808,-822,-1037,-1235,-1016,-1237,-1542,-1920,-1785,-5493,-2076,-11635,-5543,-8981,-5506,-29981]} 1. e4 {[%emt 0:00:00]} c5 {[%emt 0:00:06]} 2. Nf3 {[%emt 0:00:00]} e6 {[%emt 0:00:05]} 3. d4 {[%emt 0:00:27]} cxd4 {[%emt 0:00:06]} 4. Nxd4 {[%emt 0:00:56]} Nf6 {[%emt 0:00:07]} 5. f3 {[%emt 0:05:28]} d5 {[%emt 0:04:22] B40: Sicilian: 2...e6, Unusual lines} (5... e5 6. Nb3 d5 7. Bg5 Be6 8. exd5 Qxd5 9. Nc3 Bb4 10. Bd2 Qd8 11. Nb5 Nc6 12. Bxb4 Nxb4 13. c3 Nbd5 14. Nc5 Qb6 15. Nxe6 fxe6 16. Qe2 O-O-O 17. O-O-O a6 {0-1 (41) Tillyaev,U (2295)-Vokhidov,S (2377) Tashkent 2017}) 6. e5 {[%emt 0:02:14]} Nfd7 {[%emt 0:00:57]} 7. f4 {[%emt 0:03:49]} Nc6 {[%emt 0:05:54]} 8. Be3 {[%emt 0:10:06]} Qb6 {[%emt 0:08:24]} 9. b3 {[%emt 0:04:15]} Nxd4 {[%emt 0:09:58]} (9... Bc5 $17 10. c3 f6 11. exf6 Nxf6) 10. Bxd4 {[%emt 0:00:02]} Bc5 {[%emt 0:00:23]} 11. c3 $146 {[%emt 0:05:09]} O-O {[%emt 0:05:50]} 12. Bxc5 {[%emt 0:08:06]} Nxc5 {[%emt 0:05:37]} 13. Qd4 {[%emt 0:00:02]} Bd7 {[%emt 0:01:38]} 14. Nd2 {[%emt 0:09:06]} Bb5 {[%emt 0:07:50]} 15. Bxb5 {[%emt 0:17:23]} Qxb5 {[%emt 0:00:15]} 16. a4 {[%emt 0:01:36]} Qb6 {[%emt 0:07:49]} 17. b4 {[%emt 0:03:35]} Nd7 {[%emt 0:03:12]} 18. Nb3 {[%emt 0:00:28]} Rfc8 {[%emt 0:11:24]} 19. Kd2 $2 {[%emt 0:01:27] [#]} (19. Qxb6 $1 $11 {and White has nothing to worry.} axb6 20. Kd2) 19... Rc4 $2 {[%emt 0:03:17]} ({Black should try} 19... Qd8 $1 $19 20. Qd3 {[#]} a5 $1 {[%mdl 512]} 21. Nxa5 Rxa5 22. bxa5 Nc5) 20. Qxb6 {[%emt 0:02:38]} Nxb6 {[%emt 0:00:22]} 21. a5 {[%emt 0:00:42]} Nd7 {[%emt 0:00:51]} 22. Nd4 {[%emt 0:00:41]} f6 {[%emt 0:05:15]} (22... a6 $11 {keeps the balance.}) 23. Rhe1 {[%emt 0:00:01]} Kf7 {[%emt 0:01:06]} 24. Re3 {[%emt 0:03:56]} (24. a6 $16 b6 25. Rf1) 24... fxe5 {[%emt 0:02:55]} 25. fxe5 {[%emt 0:00:04]} Rf8 $2 {[%emt 0:01:53]} (25... a6 $1 $11) 26. Rf1+ $2 {[%emt 0:03:57]} (26. a6 $18 Rb8 27. Nb5) 26... Ke7 {[%emt 0:00:02]} 27. Rxf8 {[%emt 0:00:32]} Nxf8 {[%emt 0:00:01]} 28. Nb5 {[%emt 0:02:15]} Ng6 {[%emt 0:04:22]} (28... Rg4 $14) 29. g3 {[%emt 0:03:26]} ({White must play} 29. Nxa7 $16 Rg4 30. g3) 29... a6 {[%emt 0:01:22]} 30. Nd4 {[%emt 0:00:44]} Rc8 {[%emt 0:01:42]} 31. Nf3 {[%emt 0:01:51]} Rf8 {[%emt 0:01:05]} 32. Kd3 $2 {[%emt 0:00:36] [#]} (32. h4 $11) 32... Rxf3 $1 {[%emt 0:00:12]} 33. Rxf3 {[%emt 0:00:27]} Nxe5+ {[%emt 0:00:01]} 34. Ke3 {[%emt 0:00:01]} Nxf3 {[%emt 0:00:13]} 35. Kxf3 {[%emt 0:00:01]} e5 {[%emt 0:03:37]} 36. Ke3 {[%emt 0:00:55]} Ke6 {[%emt 0:02:07]} 37. g4 {[%emt 0:00:30]} g5 {[%emt 0:00:46]} 38. h3 {[%emt 0:00:01]} Kd6 {[%emt 0:01:21]} 39. Kd3 {[%emt 0:00:43]} Kc6 {[%emt 0:01:02]} 40. c4 {[%emt 0:01:43]} dxc4+ {[%emt 0:31:25]} 41. Kxc4 {[%emt 0:30:02]} h6 {[%emt 0:00:20]} 0-1

[Event "9. Korbacher Open 2017"]
[Site "Korbach"]
[Date "2017.10.19"]
[Round "1"]
[White "Van der Meiden, Dirk"]
[Black "Simukov, Erik"]
[Result "1-0"]
[WhiteElo "1958"]
[BlackElo "1621"]
[Annotator "NA RC"]
[PlyCount "99"]
[EventDate "2017.??.??"]
[EventType "swiss"]
[EventCountry "GER"]
[SourceTitle "playchess.com"]
[Source "ChessBase"]
[SourceQuality "1"]
[TimeControl "40/5400+30:1800+30"]

{[%evp 9,99,0,32767,32767,32767,32767,27,20,43,16,75,110,76,35,57,59,62,59,77,4,11,4,113,122,127,120,203,229,216,132,202,187,32767,75,32767,68,62,62,63,64,78,75,32767,68,143,70,68,16,91,98,136,38,31,13,72,-80,-98,-100,0,-276,-275,-390,-276,-273,-264,-264,102,-339,-777,-169,1353,32767,32767,32767,32767,32767,32767,32767,32767,29984,29985,29986,29986,12847,29988,29989,29989,29990,29990,29990,29990,29989]} 1. e4 {[%emt 0:00:00]} e5 {[%emt 0:00:12]} 2. Nf3 {[%emt 0:00:00]} Nc6 {[%emt 0:00:18]} 3. Nc3 {[%emt 0:00:00]} Nf6 {[%emt 0:00:47]} 4. d4 {[%emt 0:00:14]} exd4 {[%emt 0:01:17]} 5. Nxd4 {[%emt 0:00:18]} Bb4 {[%emt 0:01:39]} 6. Nxc6 {[%emt 0:00:33]} bxc6 {[%emt 0:00:28]} 7. Bd3 {[%emt 0:00:23]} Qe7 {[%emt 0:07:06]} 8. O-O {[%emt 0:00:27]} d6 {[%emt 0:00:44] C47: Scotch Four Knights and Four Knights with 4 g3} 9. h3 {[%emt 0:03:36]} h5 $146 {[%emt 0:11:57]} (9... O-O $11 {remains equal.}) ({Predecessor:} 9... Nd7 10. Na4 O-O 11. a3 Ba5 12. f4 Bb6+ 13. Nxb6 axb6 14. Be3 c5 15. Re1 Bb7 16. Bf2 {½-½ (61) Migot,T (2284)-Semcesen,D (2479) Cappelle-la-Grande 2013}) 10. Bg5 {[%emt 0:02:20]} Qe5 {[%emt 0:02:40]} 11. Qd2 {[%emt 0:03:28]} Be6 {[%emt 0:04:50]} 12. Rfe1 {[%emt 0:13:09]} Nd7 {[%emt 0:15:42]} 13. Be3 {[%emt 0:04:49]} f6 {[%emt 0:16:53]} 14. a3 {[%emt 0:04:56]} ({White should play} 14. Ba6 $16) 14... Bxc3 $1 {[%emt 0:07:56]} 15. bxc3 {[%emt 0:00:21]} Nb6 {[%emt 0:00:12]} (15... Qa5 $11) 16. f4 {[%emt 0:01:50]} Qa5 {[%emt 0:00:06] [#]} 17. e5 $1 {[%emt 0:00:52]} O-O-O {[%emt 0:03:20]} (17... dxe5 $16 18. fxe5 f5) 18. exf6 {[%emt 0:01:59]} gxf6 {[%emt 0:00:33]} 19. Bd4 {[%emt 0:02:25]} Rde8 {[%emt 0:05:01]} (19... Bd5 $16) 20. Bxf6 {[%emt 0:03:29]} Rhg8 {[%emt 0:00:09] [#]} 21. Bd4 {[%emt 0:03:41]} (21. Bh7 $1 $18 {[%cal Rh7g8]} Qc5+ 22. Kh2 (22. Bd4 Qd5 $18)) 21... c5 {[%emt 0:03:32] [#]} 22. Bf2 $2 {[%emt 0:08:55]} ({White has to play} 22. Rxe6 $1 $18 {[%mdl 512]} cxd4 (22... Rxe6 23. Bf5) 23. Qe2) 22... c4 {[%emt 0:01:37]} 23. Bf1 {[%emt 0:04:26]} Qf5 {[%emt 0:01:06]} 24. Kh2 {[%emt 0:23:09]} Bd5 {[%emt 0:06:19]} 25. Rxe8+ {[%emt 0:01:26]} Rxe8 {[%emt 0:00:07]} 26. Rd1 {[%emt 0:00:37]} c5 {[%emt 0:02:48]} (26... Bb7 $14) 27. a4 {[%emt 0:00:49]} ({White should play} 27. Bh4 $16) 27... a5 {[%emt 0:00:40]} 28. Bg3 {[%emt 0:05:59]} (28. Bh4 $16) 28... Re4 {[%emt 0:01:06]} 29. Be2 {[%emt 0:00:52]} Re6 {[%emt 0:01:13]} 30. Rf1 {[%emt 0:02:22]} (30. Bh4 $16) 30... Nxa4 {[%emt 0:01:42]} 31. Ra1 {[%emt 0:00:36]} Nxc3 {[%emt 0:00:24]} 32. Bf3 {[%emt 0:01:37] [#]} (32. Bxc4 $1 $14 {was the only good move.} Bxc4 33. Qxc3) 32... Bxf3 $1 {[%emt 0:00:59]} 33. Qxc3 {[%emt 0:00:04]} Bd5 {[%emt 0:00:25]} (33... Bc6 $17 34. Qxc4 Qe4 35. Qxe4 Rxe4) 34. Re1 $2 {[%emt 0:04:27]} (34. Qh8+ $11 {and White is okay.} Kd7 35. Rxa5) 34... Rxe1 {[%emt 0:00:43]} 35. Qxe1 {[%emt 0:00:02]} (35. Bxe1 {was forced.} Qxf4+ 36. Qg3 Qxg3+ 37. Kxg3) 35... Qe4 {[%emt 0:00:25]} 36. Qf2 {[%emt 0:00:44]} a4 {[%emt 0:00:11]} 37. Bh4 {[%emt 0:01:31]} Qxg2+ $2 {[%emt 0:01:16]} (37... a3 $19 38. Bf6 Qf5) 38. Qxg2 {[%emt 0:00:05]} Bxg2 {[%emt 0:00:04]} 39. Kxg2 {[%emt 0:00:27]} d5 $4 {[%emt 0:00:08]} (39... a3 $19 40. Bf6 d5) 40. Be7 {[%emt 0:00:07]} d4 {[%emt 0:31:01]} 41. Bxc5 {[%emt 0:30:21]} d3 {[%emt 0:00:07]} 42. cxd3 {[%emt 0:00:26]} cxd3 {[%emt 0:00:22]} 43. Kf2 {[%emt 0:00:20]} Kd7 {[%emt 0:01:34]} 44. Ke3 {[%emt 0:00:09]} Kc6 {[%emt 0:01:21]} 45. Ba3 {[%emt 0:00:20]} Kd5 {[%emt 0:01:26]} 46. Kxd3 {[%emt 0:00:07]} Ke6 {[%emt 0:00:07]} 47. Ke4 {[%emt 0:00:05]} Kf6 {[%emt 0:00:19]} 48. f5 {[%emt 0:00:06]} Kf7 {[%emt 0:00:59]} 49. Kf4 {[%emt 0:00:19]} Kf6 {[%emt 0:00:12]} 50. Bb2+ {[%emt 0:00:03]} 1-0

[Event "9. Korbacher Open 2017"]
[Site "Korbach"]
[Date "2017.10.19"]
[Round "1"]
[White "Dudink, Bas"]
[Black "Hildebrand, Georg"]
[Result "1-0"]
[WhiteElo "1951"]
[BlackElo "1477"]
[Annotator "NA"]
[PlyCount "119"]
[EventDate "2017.??.??"]
[EventType "swiss"]
[EventCountry "GER"]
[SourceTitle "playchess.com"]
[Source "ChessBase"]
[SourceQuality "1"]
[TimeControl "40/5400+30:1800+30"]

{[%evp 9,119,68,66,64,80,59,32767,100,32767,64,85,71,68,68,95,63,50,40,49,53,139,104,131,127,131,113,201,106,99,81,169,134,167,83,113,32767,32767,81,32767,83,32767,89,104,74,69,77,164,181,691,718,739,759,772,819,1188,570,753,847,842,825,860,908,32767,1191,846,32767,1186,1974,32767,6027,6714,29953,5697,7720,6602,29982,29983,29988,29988,29989,29991,29992,29992,29992,32767,29993,32767,32767,32767,29992,29992,29993,29993,29994,29994,29992,29992,29992,29992,29993,29993,29994,29995,29995,29995,29996,29996,29997,29997,1830,29998,29999]} 1. d4 {[%emt 0:00:00]} b6 {[%emt 0:01:03]} 2. c4 {[%emt 0:00:00]} Bb7 {[%emt 0:00:24]} 3. Nc3 {[%emt 0:00:09]} e6 {[%emt 0:00:36]} 4. a3 {[%emt 0:02:34]} Be7 {[%emt 0:00:19] A40: Unusual replies to 1 d4} (4... f5 5. d5 Nf6 6. g3 Bd6 7. Bg2 a5 8. Nh3 O-O 9. O-O Na6 10. e4 Be5 11. exf5 Bxc3 12. bxc3 exf5 13. Be3 Ne4 14. Bxe4 fxe4 {1-0 (36) Navara,D (2737)-Hou,Y (2666) Biel 2017}) 5. e4 {[%emt 0:00:49]} d6 {[%emt 0:02:24]} 6. Nf3 {[%emt 0:02:04]} h6 $146 {[%emt 0:01:18]} ({Predecessor:} 6... Nd7 7. Bd3 Ngf6 8. h3 a6 9. O-O O-O 10. Re1 e5 11. d5 Re8 12. Be3 {1-0 (47) Zschischang,M (2061)-Katte,I (1931) Halle 2005}) 7. Bd3 {[%emt 0:02:05]} a6 {[%emt 0:01:42]} 8. O-O {[%emt 0:01:08]} Nd7 {[%emt 0:01:46]} 9. Be3 {[%emt 0:06:32]} Ngf6 {[%emt 0:04:08]} 10. Nd2 {[%emt 0:03:33]} Nh7 {[%emt 0:02:14]} 11. f4 {[%emt 0:00:37]} c5 {[%emt 0:03:30]} 12. Nf3 {[%emt 0:15:20]} cxd4 {[%emt 0:09:03]} 13. Bxd4 {[%emt 0:00:27]} Nhf6 {[%emt 0:04:14]} 14. Qe2 {[%emt 0:05:47]} Nc5 {[%emt 0:03:08] [#]} (14... O-O $14) 15. Bc2 $1 {[%emt 0:01:31]} O-O {[%emt 0:06:05] [#]} 16. Rad1 $1 {[%emt 0:00:34]} Qc7 {[%emt 0:02:12]} 17. e5 {[%emt 0:05:42]} Ne8 {[%emt 0:03:21]} (17... dxe5 $16 {is a better defense.} 18. fxe5 (18. Bxe5 Qc8 $16) 18... Nh7) 18. Rd2 {[%emt 0:09:44]} (18. b4 $18) 18... Nd7 {[%emt 0:08:01]} 19. Ne4 {[%emt 0:04:34]} d5 {[%emt 0:01:12]} ({Better is} 19... Rc8 $14) 20. cxd5 {[%emt 0:00:12]} Bxd5 {[%emt 0:01:13]} 21. Bd3 {[%emt 0:02:17]} Qb7 {[%emt 0:08:18]} 22. Rc2 {[%emt 0:03:54]} Nc5 {[%emt 0:04:37]} 23. Nxc5 {[%emt 0:00:57]} bxc5 {[%emt 0:04:59]} 24. Bxc5 {[%emt 0:03:34]} Bxc5+ {[%emt 0:00:43]} 25. Rxc5 {[%emt 0:00:05]} Qb6 {[%emt 0:02:06]} 26. Rfc1 {[%emt 0:00:44]} Rc8 {[%emt 0:01:26]} 27. Qf2 {[%emt 0:00:12]} Rb8 {[%emt 0:03:51]} ({Black should play} 27... Rxc5 $14 28. Qxc5 Qb7) 28. b4 {[%emt 0:00:40]} Nc7 $2 {[%emt 0:01:12]} (28... Rd8 29. Be2 Qb7) 29. Rxc7 {[%emt 0:00:24]} Qxf2+ {[%emt 0:00:55]} 30. Kxf2 {[%emt 0:00:07]} Rb6 {[%emt 0:01:12]} 31. Rc8 {[%emt 0:01:00]} Bb7 {[%emt 0:02:22]} 32. Rxf8+ {[%emt 0:01:08]} Kxf8 {[%emt 0:00:32]} 33. Nd4 {[%emt 0:02:37]} g6 {[%emt 0:00:32]} 34. Be2 {[%emt 0:00:58]} Kg7 {[%emt 0:01:51]} 35. Bf3 {[%emt 0:01:28]} Bd5 {[%emt 0:01:50]} 36. Bxd5 {[%emt 0:00:41]} exd5 {[%emt 0:00:09]} 37. Rc6 {[%emt 0:00:30]} Rxc6 {[%emt 0:00:42]} 38. Nxc6 {[%emt 0:00:06]} Kf8 {[%emt 0:00:17]} 39. Ke3 {[%emt 0:00:12]} Ke8 {[%emt 0:00:25]} 40. Kd4 {[%emt 0:00:06]} Kd7 {[%emt 0:30:45]} 41. Nb8+ {[%emt 0:30:15]} Kc7 {[%emt 0:00:38]} 42. Nxa6+ {[%emt 0:00:10]} Kb6 {[%emt 0:00:35]} 43. Nc5 {[%emt 0:00:24]} Kc6 {[%emt 0:00:28]} 44. a4 {[%emt 0:00:05]} g5 {[%emt 0:00:59]} 45. f5 {[%emt 0:00:21]} h5 {[%emt 0:00:34]} 46. b5+ {[%emt 0:00:09]} Kb6 {[%emt 0:00:26]} 47. Kxd5 {[%emt 0:00:17]} h4 {[%emt 0:00:30]} 48. h3 {[%emt 0:00:08]} g4 {[%emt 0:00:24]} 49. hxg4 {[%emt 0:00:07]} h3 {[%emt 0:00:16]} 50. gxh3 {[%emt 0:00:05]} Ka5 {[%emt 0:00:28]} 51. Kc4 {[%emt 0:01:04]} Kb6 {[%emt 0:00:16]} 52. Nb3 {[%emt 0:00:22]} Kb7 {[%emt 0:00:13]} 53. Kc5 {[%emt 0:00:23]} Kc7 {[%emt 0:00:32]} 54. a5 {[%emt 0:00:15]} Kb7 {[%emt 0:00:10]} 55. a6+ {[%emt 0:00:47]} Ka7 {[%emt 0:00:23]} 56. Kc6 {[%emt 0:00:06]} Kb8 {[%emt 0:00:21]} 57. b6 {[%emt 0:00:20]} Ka8 {[%emt 0:00:21]} 58. Kc7 {[%emt 0:01:02]} f6 {[%emt 0:00:32]} 59. Nd4 {[%emt 0:00:11]} (59. b7+ $142 Ka7 60. b8=Q+ Kxa6 61. Qb7#) 59... fxe5 {[%emt 0:00:14]} 60. Nc6 {[%emt 0:00:05]} 1-0